FOOD safety handbook a practical guide for building a robust food safety management system
Պահպանված է:
| Ձևաչափ: | Գիրք |
|---|---|
| Լեզու: | անգլերեն |
| Հրապարակվել է: |
The World Bank Group
2020
|
| Ցուցիչներ: |
Ավելացրեք ցուցիչ
Չկան պիտակներ, Եղեք առաջինը, ով նշում է այս գրառումը!
|
MARC
| LEADER | 00000nam a22000007a 4500 | ||
|---|---|---|---|
| 008 | 231219b |||||||| |||| 00| 0 eng d | ||
| 020 | |a 97814464815485 | ||
| 245 | |a FOOD safety handbook |b a practical guide for building a robust food safety management system |c /International Finance Management |g xv, 403p;ill | ||
| 260 | |b The World Bank Group |c 2020 |h Washington, DC |i 700533 |i 700534 |l TX531.F73 |m Food industry and trade-Safety measures -Handbooks, manuals, etc | ||
| 942 | |a lcc |c BK |e Johnson |f 19/12/23 | ||
| 952 | |0 0 |1 0 |2 lcc |4 0 |6 TX0531 F73 |7 0 |9 4684 |a TL |b HOL |c QZ |d 2023-12-19 |l 0 |o TX531.F73 |p 2023-0599 |r 2023-12-19 00:00:00 |t 700533 |w 2023-12-19 |y BK | ||
| 952 | |0 0 |1 0 |2 lcc |4 0 |6 TX0531 F73 |7 0 |9 4685 |a HOL |b HOL |c QZ |d 2023-12-19 |l 0 |o TX531.F73 |r 2023-12-19 00:00:00 |t 700534 |w 2023-12-19 |y BK | ||
| 999 | |c 2348 |d 2348 | ||